Dance Moms: ALDC Team Moms Quiz Stats

 Plays Quiz not verified by Sporcle

Score 0/39 Timer 07:00
0 Plays Today
Hint Answer % Correct
Elite Competition Team (Seasons 1-7)Holly Frazier
90.9%
Elite Competition Team (Seasons 1-7)Melissa Ziegler-Gisoni
90.9%
Elite Competition Team (Seasons 1-7)Kelly Hyland
81.8%
Elite Competition Team (Seasons 1-7)Christi Lukasiak
81.8%
Elite Competition Team (Seasons 1-7)Ashlee Allen
81.8%
Elite Competition Team (Seasons 1-7)Jill Vertes
81.8%
Mini TeamYolanda Walmsley
81.8%
Elite Competition Team (Season 8-)Ashley Hosbach
81.8%
Elite Competition Team (Season 8-)Yolanda Walmsley
81.8%
Elite Competition Team (Seasons 1-7)Leslie Ackerman
72.7%
Elite Competition Team (Seasons 1-7)Kira Girard
72.7%
Elite Competition Team (Seasons 1-7)Jessalynn Siwa
72.7%
Junior Select EnsembleChristy Hunt
72.7%
Mini TeamStacey Ketchman
72.7%
Elite Competition Team (Season 8-)Joanne Paolantonio
72.7%
Elite Competition Team (Season 8-)Stacey Ketchman
72.7%
Elite Competition Team (Season 8-)Tricia Farrar
72.7%
Elite Competition Team (Season 8-)Ann Colin
72.7%
Elite Competition Team (Seasons 1-7)Kristie Ray
63.6%
Elite Competition Team (Seasons 1-7)Cathy Nesbitt-Stein
63.6%
Hint Answer % Correct
Junior Select EnsembleTami Adamson
63.6%
Elite Competition Team (Season 8-)Erin Kristich
63.6%
Elite Competition Team (Seasons 1-7)Camille Bridges
54.5%
Junior Select EnsembleLoree Cloud
54.5%
Junior Select EnsembleJeanette Cota
54.5%
Mini TeamSari Lopez
54.5%
Mini TeamTiffanie Oladi
54.5%
Mini TeamMary Owen
54.5%
Elite Competition Team (Season 8-)Michelle Georgiana
54.5%
Elite Competition Team (Season 8-)Lakisha Samuels
54.5%
Elite Competition Team (Seasons 1-7)Jaime Caes
45.5%
ReplacementsJackie Lucia
45.5%
ReplacementsShelly Serigne
45.5%
Mini TeamKerri Evans
45.5%
Mini TeamLynn Fay
45.5%
ReplacementsMarcia Hoffheins
27.3%
ReplacementsGloria Hampton
27.3%
Junior Select EnsembleJodi Gray
27.3%
Junior Select EnsembleTracey Reasons
27.3%

You're not logged in!

Compare scores with friends on all Sporcle quizzes.
OR
Log In

Sporcle TV

Today on Sporcle TV


Watch our educational content, quiz creation guides, and fun videos on Sporcle TV.

Show Comments

Extras

Top Quizzes Today


Score Distribution

Your Account Isn't Verified!

In order to create a playlist on Sporcle, you need to verify the email address you used during registration. Go to your Sporcle Settings to finish the process.

Report this User

Report this user for behavior that violates our Community Guidelines.

Details: